000 01398nam2a22002411 4500
001 rc\2182323
005 20250623055306.0
035 _a(NLR Aleph) 006609165
090 _a7330482
_c7330482
100 _a20110829d1979 |||y0rusy50 ca
101 0 _arus
102 _aRU
105 _ay z |||||
200 1 _aДоклады
210 _aМосква
_cБ. и.
_d1979
215 _a110 с.
333 _aДСП
461 0 _1001rc\2182322
_12001#$aКоммунистическое движение в 70-е годы$e(К 10-летию Совещ. ком. и рабочих партий 1969 г.)$eМатериалы Науч.-теорет. конф., состоявшейся в Акад. обществ. наук при ЦК КПСС 18 апр. 1979 г.$e[В 2 т.]$f[Под ред. Ю.А. Красина (отв. ред.) и др.]$vЧ. 1
_97330476
_cМосква
_d1979
_f[Под ред. Ю.А. Красина (отв. ред.) и др.]
_nБ. и.
_o(К 10-летию Совещ. ком. и рабочих партий 1969 г.) : Материалы Науч.-теорет. конф., состоявшейся в Акад. обществ. наук при ЦК КПСС 18 апр. 1979 г. : [В 2 т.]
_tКоммунистическое движение в 70-е годы
_vЧ. 1
801 0 _aRU
_bNLR
_gpsbo
801 1 _aRU
_bELAR
_2rusmarc
852 _aNLR
_j80-50К/470
942 _cBOOK
980 _aNB